000 00448nam a2200217Ia 4500
003 IT-RoPAU
008 120407s9999 xx 000 0 und d
040 _aIT-RoPAU
040 _cIT-RoPAU
041 _aita
100 _aFrancesco Spadafora
245 _aPilato
250 _aRovigo
260 _aIstituto Padano Arti Grafiche
260 _c1973
300 _a215 p.
300 _c22 cm
490 _v1
942 _cBK
999 _c28963
_d28963